LEADER 02596 am 2200469 n 450 001 9910495935503321 005 20210122 010 $a2-918783-21-8 035 $a(CKB)4100000011803990 035 $a(FrMaCLE)OB-codex-967 035 $a(oapen)https://directory.doabooks.org/handle/20.500.12854/87353 035 $a(PPN)254699227 035 $a(EXLCZ)994100000011803990 100 $a20210325j|||||||| ||| 0 101 0 $afre 135 $auu||||||m|||| 181 $ctxt$2rdacontent 182 $cc$2rdamedia 183 $acr$2rdacarrier 200 10$aComprendre le monument aux morts $eLieu du souvenir, lieu de mémoire, lieu d?histoire /$fFranck David 210 $aTalmont-Saint-Hilaire $cÉditions Codex$d2021 215 $a1 online resource (130 p.) 225 1 $aUne plus Grande Guerre 311 $a2-918783-05-6 330 $aPoser la question de la place du monument aux morts, de sa pertinence dans le paysage des contemporains et du sens qu?il renferme. Il est là depuis des lustres, scellé dans le présent avec l?assurance de l?éternité. Pourtant quels regards se posent sur lui ? Les gestes du quotidien le contournent. Muet, invisible, hors d?atteinte, il est né du souvenir pour finir monument de l?oubli. Lieu sacralisé par la mémoire, il cherche sa dimension historique. Le monument aux morts serait-il devenu un « non-lieu », un de ces endroits de l?évitement et du passage fugitif ? Le moment est venu de lui accorder le statut de monument historique, de le faire entrer dans le patrimoine commun. L?objet de ce livre est de le considérer sans emphase ni tabou, comme trace d?un passé et d?une histoire collective faite de destins individuels. Avec quelques clés il devient possible désormais de rendre audible à nouveau sa dimension symbolique, de redonner vie aux noms qui l?habitent. A un siècle de distance le monument aux morts peut simplement se raconter à quiconque viendra à sa rencontre. 606 $aWorld War, 1914-1918$xMonuments$zFrance 606 $aWar memorials$xSocial aspects$zFrance 606 $aWorld War, 1914-1918$xHistoriography 610 $aFirst World War 610 $amonument 610 $awar 610 $amemory 610 $aWW1 615 0$aWorld War, 1914-1918$xMonuments 615 0$aWar memorials$xSocial aspects 615 0$aWorld War, 1914-1918$xHistoriography. 700 $aDavid$b Franck$01318970 801 0$bFR-FrMaCLE 906 $aBOOK 912 $a9910495935503321 996 $aComprendre le monument aux morts$93033594 997 $aUNINA LEADER 02222nas 2200457 n 450 001 990008956630403321 005 20240229084548.0 011 $a0308-2164 035 $a000895663 035 $aFED01000895663 035 $a(Aleph)000895663FED01 035 $a000895663 091 $2CNR$aP 00143731 100 $a20161109b19741982km-y0itaa50------ba 101 0 $aeng 102 $aGB 110 $aauu-------- 200 1 $aEnvironment & planning B 207 1$a1974-1982 210 $aLondon$cPion Limited 430 0$12001$aEnvironment and planning 440 0$1001000895665$12001$aEnvironment and planning B. Planning and design 530 0 $aEnvironment & planning B 676 $a711.05 676 $a721.05 801 0$aIT$bACNP$c20090723 859 4 $uhttp://acnp.cib.unibo.it/cgi-ser/start/it/cnr/dc-p1.tcl?catno=75503&person=false&language=ITALIANO&libr=&libr_th=unina1$zBiblioteche che possiedono il periodico 901 $aSE 912 $a990008956630403321 958 $aBiblioteca Interdipartimentale "Marcello Canino" dell'Università "Federico II"$b1998-2005;$c1998;2004;$fDARPU 958 $aBiblioteca Centralizzata. Facoltà di Agraria dell'Università Federico II di Napoli$b1977-1982.$c1977-1978;1981;$fFAGBC 958 $aBiblioteca del dipartimento di Ingeneria Edile dell'Università.$b1976-1981;$c1976;$fDINED 959 $aDARPU 959 $aFAGBC 959 $aDINED 996 $aEnvironment & planning B$9794627 997 $aUNINA AP1 8 $6866-01$aNA080 Biblioteca Interdipartimentale "Marcello Canino" dell'Università "Federico II"$evia Forno Vecchio 36, 80134 Napoli (NA)$m0812538758$m0812538717$nit AP1 8 $6866-02$aNA087 Biblioteca Centralizzata. Facoltà di Agraria dell'Università Federico II di Napoli$ev. Università, 100 Palazzo Reale, 80055 Portici (NA)$m081-2539322$m081-7760229$nit AP1 8 $6866-03$aNA107 Biblioteca del dipartimento di Ingeneria Edile dell'Università.$ep.le Tecchio,80, Napoli (NA)$m(081) 7682129; fax 7682134$nit AP2 40$aacnp.cib.unibo.it$nACNP Italian Union Catalogue of Serials$uhttp://acnp.cib.unibo.it/cgi-ser/start/it/cnr/df-p.tcl?catno=75503&language=ITALIANO&libr=&person=&B=1&libr_th=unina&proposto=NO